Rozpoznaj polski klub piłarski po przydomku - Statystyki

Ogólne statystyki
  • Ten quiz został rozwiązany 165 razy
  • Średni wynik to 11 z 16
Statystyki odpowiedzi
przydomek klub % Poprawnych
,,Kolejorz" Lech Poznań
96%
,,Wojskowi Legioniści" Legia Warszawa
94%
,,Górnicy Górnik Zabrze
89%
,,Biała Gwiazda" Wisła Kraków
85%
,,Biało-zieloni" Lechia Gdańsk
81%
,,Duma Pomorza" Pogoń Szczecin
80%
,,Piastunki" Piast Gliwice
78%
,,Śledzie" Arka Gdynia
77%
,,Jaga" Jagielonia Białystok
76%
,,Pasy" Cracovia Kraków
70%
,,Miedziowi" Zagłębie Lubin
65%
,,Wojskowi" Śląsk Wrocław
63%
,,Nafciarze" Wisła Płock
60%
,,Scyzory" Korona Kielce
56%
,,Czerwono-Niebiescy" Raków Częstochowa
51%
,,Rycerze Wiosny" Łódzki klub sportowy
7%
Nie znaleziono quizów pasujących do podanych kryteriów
Rozkład punktacji
Procent ludzi z każdym wynikiem
Percentyl według liczby udzielonych odpowiedzi
Twoja historia wyników
Nie rozwiązałeś tego quizu